[Event "YUG-ch"]
[Site "Podgorica"]
[Date "1996.??.??"]
[Round "14"]
[White "Filipovic, Branko"]
[Black "Mozetic, Dejan"]
[Result "0-1"]
[WhiteElo "2435"]
[BlackElo "2495"]
[Annotator "Notkin,M"]
[PlyCount "96"]
[EventDate "1996.02.??"]
[EventType "tourn"]
[EventRounds "15"]
[EventCountry "YUG"]
[EventCategory "9"]
[SourceTitle "CBM 053"]
[Source "ChessBase"]
[SourceDate "1996.08.01"]
[SourceVersion "1"]
[SourceVersionDate "1996.08.01"]
[SourceQuality "1"]

1. e4 {Wedberg} e5 2. Nf3 Nc6 3. Bb5 a6 4. Bxc6 dxc6 5. O-O Qd6 6. d3 Ne7 7.
Nbd2 Ng6 8. Nc4 Qf6 9. d4 (9. Bg5 Qe6 10. Bd2 Bc5 11. Be3 (11. b4 Ba7 12. Be3
O-O 13. Qd2 Qe7 14. Bxa7 Rxa7 15. Qc3 f6 16. Ne3 Nf4 $10 {Van der Wiel,
J-Almasi,Z/Groningen/1994/0:1/60/}) 11... Be7 12. Re1 O-O 13. Ng5 Bxg5 14. Bxg5
f5 $10 {Velikov,P-Lukacs,P/Moscow/1977/0:1/44/}) 9... exd4 10. Qxd4 (10. Bg5 {
Wedberg} Qe6 11. Qxd4 f6 12. Rad1 Be7 13. Bc1 O-O 14. Rfe1 $14 {Gipslis,A})
10... Qxd4 11. Nxd4 c5 12. Nf5 (12. Ne2 Bd7 13. Nc3 O-O-O 14. a4 f5 15. Rd1
fxe4 16. Nxe4 Re8 $10 {Arnold,L-Smejkal,J/Deutschland/1986/0:1/60/} (16... Re8
{Wedberg} 17. Nc3 Be6 18. Ne3 Be7 $15 {Arnold,L-Smejkal,J/BL/1987})) 12... Be6
13. Nce3 Nf4 14. Re1 O-O-O 15. g3 $2 (15. b3 $10) (15. Nf1 {Wedberg} Nh5 16.
Bd2 (16. N1g3 Nxg3 17. Nxg3 h5 $36) 16... g6 17. Bc3 Rg8 18. N5e3 Bh6 19. b3
Rge8 $15) 15... Nh3+ $1 16. Kg2 Ng5 17. f3 (17. Nd5 Nxe4 (17... Bxf5 $1 18.
Bxg5 Bxe4+ 19. Rxe4 Rxd5 20. Re8+ Kd7 21. Rd8+ Kc6 22. Rxd5 Kxd5 23. Rd1+ Kc6
24. Rd8 f6 25. Bf4 g5 $17) 18. Nde7+ Bxe7 19. Nxe7+ Kd7 20. Rxe4 Kxe7 21. Bg5+
f6 22. Rae1 Rd6 23. Bf4 Rc6 24. Bxc7 $10) 17... g6 18. h4 $2 (18. Nh4 h6 $15)
18... gxf5 19. exf5 (19. hxg5 fxe4 20. fxe4 Bg7 21. Nf5 Be5 22. c3 Rd3 23. Be3
Rhd8 $17) 19... Nxf3 $1 20. Kxf3 Bd7 $17 21. g4 $6 (21. Bd2 Bc6+ 22. Ke2 Bd6 $1
23. Rg1 Rhg8 24. g4 Rge8 $17) (21. Rd1 Bg7 $17) (21. Nf1 Bxf5 22. Bg5 Rd6 $17)
21... Bc6+ 22. Kf2 Rd4 $19 23. b3 Be7 $1 24. g5 (24. Ng2 Rxg4 25. Rxe7 Rxg2+
$19) 24... Rf4+ 25. Kg1 (25. Kg3 Rf3+ (25... Bd6 {Wedberg}) 26. Kg4 h5+ 27.
gxh6 Rg8+ 28. Kh5 Rxf5+ $1 29. Nxf5 Bf3#) 25... Rxh4 26. Ng2 Bf6 $5 (26... Re4
{Wedberg} 27. Bf4 Rxe1+ 28. Rxe1 Bxg5 29. Bxg5 Rg8 $19) 27. Nxh4 (27. gxf6 Rg8
28. Re2 Rhg4 $19) 27... Bxa1 28. Be3 (28. Re7 Re8 $1) 28... Bc3 29. Rd1 Re8 30.
Kf2 (30. Bxc5 Re2 $19) 30... b6 31. Rd3 Be5 32. f6 Rd8 33. Nf3 Bb2 34. Nd2 Rxd3
35. cxd3 Kd7 36. Nc4 Bc3 37. Bf4 Bd5 38. Kg3 b5 39. Ne5+ Ke6 40. Nf3 c6 41. Nd2
Kf5 42. Be3 Bd4 43. Bxd4 cxd4 44. b4 Kxg5 45. a3 h5 46. Kh3 Kxf6 47. Nf1 Kg5
48. Ng3 Bf3 0-1

[Event "Buenos Aires Najdorf"]
[Site "Buenos Aires"]
[Date "1996.??.??"]
[Round "8"]
[White "Magem Badals, Jordi"]
[Black "Sorin, Ariel"]
[Result "1-0"]
[WhiteElo "2565"]
[BlackElo "2505"]
[Annotator "Petursson,M"]
[PlyCount "95"]
[EventDate "1996.04.??"]
[EventType "tourn"]
[EventRounds "9"]
[EventCountry "ARG"]
[EventCategory "13"]
[SourceTitle "CBM 053"]
[Source "ChessBase"]
[SourceDate "1996.08.01"]
[SourceVersion "1"]
[SourceVersionDate "1996.08.01"]
[SourceQuality "1"]

1. e4 e5 2. Nf3 Nc6 3. Bb5 a6 4. Bxc6 dxc6 5. O-O Qd6 6. d3 f6 7. Be3 Bg4 8.
Nbd2 Qd7 9. h3 Be6 10. d4 exd4 11. Nxd4 Bf7 12. Qe2 Ne7 13. Rfd1 c5 14. N4b3 b6
15. a4 a5 16. e5 Qc6 17. Nc4 Bd5 18. f3 Qe6 19. Ncxa5 Qxe5 20. c4 Bf7 21. f4
Qe6 22. Qf3 Rb8 23. Re1 $1 bxa5 24. Bxc5 Qa6 25. Nd4 Rd8 26. Nc6 Qxc4 (26...
Rd7 27. b3 $22) 27. Rac1 Qd5 28. Bxe7 Bxe7 29. Rxe7+ Kf8 30. Nxd8 Kxe7 31. Nxf7
$1 Qxf3 32. Rxc7+ Ke6 33. gxf3 Rb8 34. Kf2 g6 35. Kg3 h5 36. f5+ Kxf5 37. Nd6+
Kg5 38. h4+ Kh6 39. Nc4 Rb4 40. Nxa5 Rxa4 41. Nc6 g5 42. b4 Ra3 43. Nd4 Kg6 44.
b5 Ra4 45. Rd7 Rb4 46. hxg5 fxg5 47. Rd6+ Kf7 48. b6 1-0

[Event "Hoogovens"]
[Site "Wijk aan Zee"]
[Date "1998.01.29"]
[Round "11"]
[White "Timman, Jan H"]
[Black "Piket, Jeroen"]
[Result "1/2-1/2"]
[WhiteElo "2635"]
[BlackElo "2575"]
[Annotator "Piket,L"]
[PlyCount "75"]
[EventDate "1998.01.16"]
[EventType "tourn"]
[EventRounds "13"]
[EventCountry "NED"]
[EventCategory "17"]
[SourceTitle "CBM 063"]
[Source "ChessBase"]
[SourceDate "1998.03.26"]
[SourceVersion "1"]
[SourceVersionDate "1998.03.26"]
[SourceQuality "1"]

1. e4 e5 2. Nf3 Nc6 3. Bb5 a6 4. Bxc6 dxc6 5. O-O Bg4 6. h3 h5 7. d3 Qf6 8. Be3
Bxf3 9. Qxf3 Qxf3 10. gxf3 Bd6 11. Kh1 f6 (11... f5 12. exf5 (12. Rg1 f4 13.
Bd2 Kf7) 12... Ne7 13. Nd2 Nxf5 14. Rae1) 12. Rg1 Kf7 13. Nd2 Ne7 14. Nc4 Rad8
$5 $146 (14... Ng6 {-27/288}) (14... g5 15. h4 (15. d4 $5) 15... gxh4 16. Kh2
Rhg8 17. Kh3 Rg6 18. Rxg6 (18. Kxh4 Rag8 19. Rxg6 Nxg6+ 20. Kxh5 (20. Kh3)
20... Be7 $13) 18... Nxg6 19. Rg1 $44) 15. Rg2 (15. Rad1) (15. a3) (15. a4)
15... g5 (15... c5 16. Rag1 g6 17. a3 b6 18. h4 Rd7) 16. h4 $1 g4 $1 (16...
gxh4 17. Rag1 $1 (17. f4 exf4 18. Nxd6+ cxd6 19. Bxf4 Ng6 20. Be3 (20. Bh2 d5
21. Rag1 Rhg8 22. f3)) 17... Rhg8 18. Rxg8 Nxg8 (18... Rxg8 19. Rxg8 Nxg8 (
19... Kxg8 20. Kh2) 20. Na5) 19. Kh2 Ne7 20. Kh3 Ng6 21. b4 $5 (21. a3) 21...
b6 22. Rb1 Be7 23. a4 $44) 17. fxg4 hxg4 18. Rxg4 Ng6 19. Kg2 Nxh4+ (19... f5
$6 20. exf5 Nxh4+ 21. Kf1 Nxf5 22. Ke2 $14) 20. Kg3 (20. Kf1 $142 $1 Rdg8 (
20... Ng6 21. Ke2 Nf8 22. Rag1 (22. b4 Ne6 23. c3) 22... Ne6 23. a3) 21. Rxg8
Rxg8 22. Ke2 Ng6 23. Rh1 Kg7 24. Na5 Rb8 25. c3 $16) 20... Ng6 21. Rg1 Nf8 $1
22. Kf3 Ne6 23. Ke2 Rh7 (23... Rdg8 24. Rxg8 Rxg8 25. Rxg8 (25. Rh1) 25... Kxg8
26. Na5 Nd8 27. d4 $14 (27. c3)) 24. a3 c5 25. c3 Rdh8 26. b4 Rh1 $1 27. Na5 b6
(27... Rxg1 28. Rxg1 Rb8 29. Rh1 Kg7 30. Rb1 $14) 28. Nb7 $5 (28. Nb3 Rxg1 29.
Rxg1 cxb4 30. axb4 c5 (30... Ra8 $1 $11) 31. bxc5 Bxc5 32. d4 $1) 28... cxb4 (
28... Rxg1 29. Rxg1 Be7 30. bxc5 Rb8 (30... Bxc5 31. Nxc5 bxc5 32. Kd2 $1) 31.
c6 Bxa3 32. d4 a5 33. d5 Nd8 34. Bxb6 $18) 29. Nxd6+ cxd6 30. axb4 a5 31. Bxb6
(31. b5 $6 Rxg1 (31... a4 $5) 32. Rxg1 Nc5) 31... axb4 32. cxb4 Rxg1 33. Rxg1
Rb8 $44 34. Ba5 (34. Be3 Rxb4 $11) 34... Nd4+ 35. Kd1 $1 (35. Ke3 Rc8 $1 (35...
Nc2+ 36. Kd2 Nxb4 37. Rb1 Nc6 38. Rxb8 Nxb8 39. Bc7 Nc6 40. Bxd6 Ke6 $11) 36.
Bb6 $8) 35... Nc6 (35... Rc8 36. Bb6 Rc3 37. Rg3 Rb3 $11) 36. Kd2 Rb5 37. Ra1
Nxb4 38. Bxb4 1/2-1/2

[Event "Sarajevo Bosnia 35th"]
[Site "Sarajevo"]
[Date "2005.05.21"]
[Round "3"]
[White "Volokitin, Andrei"]
[Black "Sokolov, Ivan"]
[Result "0-1"]
[WhiteElo "2679"]
[BlackElo "2662"]
[Annotator "Postny,E"]
[PlyCount "84"]
[EventDate "2005.05.19"]
[EventType "tourn"]
[EventRounds "9"]
[EventCountry "BIH"]
[EventCategory "16"]
[SourceTitle "CBM 108"]
[Source "ChessBase"]
[SourceDate "2005.09.26"]
[SourceVersion "1"]
[SourceVersionDate "2005.09.26"]
[SourceQuality "1"]

1. e4 e5 2. Nf3 Nc6 3. Bb5 a6 4. Bxc6 dxc6 5. O-O Be7 {A very rare line. It is
not the first time that Sokolov employed this idea.} 6. Nxe5 {The most
principled continuation. Obviously, black gets the pawn back, but the open
character of the position gives white some attacking prospects, thanks to his
temporary development advantage.} (6. Nc3 Bf6 7. Qe2 Be6 8. b3 c5 9. Bb2 Qd6
10. Nd5 Bxd5 11. exd5 Qxd5 12. Bxe5 O-O-O 13. Rfe1 Re8 14. Qe4 Qxe4 15. Rxe4
Bxe5 16. Rxe5 Rxe5 17. Nxe5 Nh6 18. Re1 Rd8 19. Nf3 {1/2-1/2 Babula,V-Adams,M/
Rethymnon 2003}) (6. d3 Bf6 7. Nbd2 Be6 8. b3 Ne7 9. Bb2 Ng6 10. Nc4 Bxc4 11.
dxc4 O-O 12. Qxd8 Rfxd8 $11 {1/2-1/2 Shaw,J-Lalic,B/Hastings 2004 (25)}) 6...
Qd4 7. Qh5 $1 (7. Nf3 Qxe4 8. Re1 Qg6 9. Ne5 Qf5 10. d4 Be6 11. Nc3 O-O-O 12.
Ne4 h5 13. c3 h4 14. Qe2 Bd5 15. f3 f6 16. Nd3 g5 17. b3 Nh6 18. c4 Bf7 19. Bb2
Rhe8 $15 {0-1 Van der Weide,K-Sokolov,I/Rotterdam 1998 (59)}) 7... g6 8. Nf3
Qxe4 9. Qa5 b6 $146 {In the preceding games black went for a principled, but
risky capture 9...Qxc2 which was also played by Ivan Sokolov already.} (9...
Qxc2 10. Re1 {looks dangerous for black.} Qd3 11. Qxc7 Qd8 12. Qf4 (12. Qe5 f6
13. Qf4 Kf8 14. b3 (14. d4 Qd6 15. Nc3 Qxf4 16. Bxf4 Bg4 17. d5 Rd8 18. dxc6
bxc6 19. Rac1 $14 {1-0 Teterev,V-Pavlov,M/Zaporozhye 2004 (66)}) 14... Kg7 15.
Bb2 Nh6 16. Nc3 Rf8 17. h3 Ng8 18. Re2 Qd6 19. Qe3 Bd7 20. Rae1 Qc7 21. Ne4 $36
{1/2-1/2 De la Riva,O-Narciso,M/Barcelona 1996 (33)}) 12... Kf8 13. Nc3 g5 14.
Qe3 Nh6 15. b3 Nf5 16. Qe2 h5 17. Bb2 g4 18. Ne5 Nd4 19. Qd1 Bf5 20. Ne2 c5 21.
Bxd4 cxd4 22. Ng3 $14 {0-1 Lemmers,O-Sokolov,I/NED-chT 2000 (37)}) 10. Qc3 Bf6
11. d4 Be6 12. Re1 Qd5 13. Qd3 Qf5 $1 {Black offers a queen exchange at a
price of a serious damage to his pawn structure. On the other hand, with
queens on the board black is not able to complete his development safely.} (
13... Ne7 14. Nc3 Qf5 (14... Qc4 15. Ne4 Bg7 16. Qa3 $36) 15. Ne4 Bg7 16. Bg5
$36) 14. Qxf5 (14. Qe2 $6 Ne7) 14... gxf5 15. Bg5 $16 {After the exchange of
dark-squared bishops white's advantage become very apparent.} O-O-O 16. Nc3 h6
17. Bxf6 Nxf6 18. Ne2 {[%csl Gf4][%cal Ge2f4]} Nh5 $1 19. Ne5 Kb7 20. Rad1 Rhg8
21. f3 Rg5 22. g3 {Black does not want to stay in passivity and trying to
create a counterplay.} f4 23. g4 f5 24. h3 fxg4 25. fxg4 Rf8 26. Rf1 c5 27. Nf3
Rg7 28. d5 $2 {A tempting move, which does not work.} ({White could keep a
stable advantage by the simple} 28. dxc5 Bc4 29. Rfe1) 28... Bd7 29. Nd2 {
Most probably, Volokitin thought that he was going to win the Pf4 for free.
However, black's reply came as a unpleasant shock...} Nf6 $1 {[%csl Rd5,Rg4]}
30. Rxf4 $2 {A turnover mistake.} (30. Nxf4 Nxg4 31. hxg4 Bxg4 32. Rde1 Bh3+
33. Kh2 (33. Kh1 $2 Bxf1 34. Rxf1 Rgf7 $19) 33... Bxf1 34. Rxf1 Rgf7 35. Kg3 h5
36. Rf3 h4+ 37. Kg4 Rg8+ 38. Kh3 (38. Kxh4 $2 Rh7+ 39. Nh5 Rg2 40. Nf1 Rxc2 $17
) 38... Rgf8 39. Kg4 $11) {[%tqu "En","What should Black do?","","","f6g4",
"Now white is in deep trouble.",10]} 30... Nxg4 $1 {Now white is in deep
trouble.} 31. Rxf8 (31. hxg4 Bxg4 32. Rxf8 Bxe2+ 33. Kf2 Bxd1 {and black
should win the endgame.}) 31... Ne3+ 32. Kh2 $2 {This is simply loses material.
} ({The only reasonable would have been} 32. Kh1 Nxd1 33. Nf4 Nxb2 34. Rf6 {
though, black is objectively winning here as well.}) 32... Rg2+ 33. Kh1 Rxe2
$19 {[%csl Rd1,Rd2]} 34. Rc1 Rxd2 35. c4 Nd1 {Anything wins, but this one is
quite esthetic.} 36. b3 Bxh3 37. a4 h5 38. Ra1 a5 39. Rh8 Bg4 40. Kg1 Bf3 41.
Rg8 h4 42. Rf8 Rg2+ 0-1

[Event "USA-ch GpB"]
[Site "San Diego"]
[Date "2006.03.08"]
[Round "6"]
[White "Kreiman, Boris"]
[Black "Becerra Rivero, Julio"]
[Result "1-0"]
[WhiteElo "2478"]
[BlackElo "2556"]
[Annotator "Postny,E"]
[PlyCount "155"]
[EventDate "2006.03.02"]
[EventType "swiss"]
[EventRounds "9"]
[EventCountry "USA"]
[SourceTitle "CBM 112"]
[Source "ChessBase"]
[SourceDate "2006.06.07"]
[SourceVersion "1"]
[SourceVersionDate "2006.06.07"]
[SourceQuality "1"]

1. e4 e5 2. Nf3 Nc6 3. Bb5 a6 4. Bxc6 dxc6 5. O-O Bg4 6. h3 Bxf3 $6 {The only
thing in favour of this move is that black avoids some theoretical forced
lines which arise after the main move 6...h5. Basically, after black parts
with his pair of bishops, white simply enjoys a small, but stable advantage
thanks to a superior pawn structure. It's interesting that Becerra already
played this strategically dubious line in the same US championships few rounds
before (see below).} (6... h5 {is the main continuation.}) 7. Qxf3 Nf6 (7...
Qd7 8. d3 O-O-O 9. Nd2 f6 10. Nc4 $14 {0-1 Nataf,I (2559)-Mamedyarov,S (2646)/
Warsaw 2005/CBM 108_01/[Postny,E] (40)}) 8. d3 Nd7 9. Nd2 (9. Qg3 Qf6 10. Nd2
Qg6 11. Qh2 Bd6 12. Nc4 O-O 13. f4 f5 14. fxe5 Bc5+ 15. Be3 fxe4 16. d4 Be7 17.
Bf4 b5 18. Ne3 Nb6 19. Qg3 Nd5 20. Nxd5 cxd5 $11 {1/2-1/2 Milman,L (2478)
-Becerra Rivero,J (2556)/San Diego 2006/CBM 112_01 (31)}) 9... Bd6 10. Qg3 $6 {
White is intending to carry out the advance f2-f4 gaining space on the
kingside. However, white should better keep his queen out of the exchange.} (
10. Nc4 Qf6 11. Qe2 $14 {followed by f2-f4 and Nxd6 if necessary.}) 10... Qf6
11. Nc4 Qg6 $1 {It's recommended for black to exchange queens. In the endgame
white's chances to seize the initiative are rather minimal.} 12. Qxg6 hxg6 13.
f4 f6 14. f5 $6 {A dubious decision.} ({At first it was more logical to bring
the reserves into play by} 14. Bd2) 14... gxf5 15. exf5 (15. Rxf5 Ke7 $11 {
The king gets a nice outpost on e6.}) 15... a5 {Correctly starting the
queenside offensive where black has the majority.} 16. Be3 ({Logical would
have been} 16. a4 {stopping the advance of black's pawns for a while, but the
position is equal anyway.}) 16... a4 17. d4 {Trying to open some files in the
centre. Otherwise, it's hard to find any other reasonable plan for whhite.} b5
18. Nd2 exd4 19. Bxd4 c5 $6 {Black should not be in a rush.} ({It was
preferable to complete the development at the first place:} 19... O-O-O {
In this case black is at least not worse.}) 20. Be3 c4 21. Nf3 {[%csl Ge6]
[%cal Gf3d4,Gd4e6]} a3 $6 {This move is also too hasty.} (21... O-O-O 22. Nd4
Bc5 23. Rae1 Bxd4 24. Bxd4 $14) 22. b3 cxb3 23. cxb3 {Now, it will be very
hard for black if possible at all to create a passed pawn on the queenside.}
Kf7 24. Nd4 Rhe8 25. Bf2 b4 (25... Re5 26. Rad1 Rd5 27. Ne6 Rxd1 28. Rxd1 Nf8
29. Nd4 $16) 26. Rac1 Ra5 27. Rfd1 Nf8 28. g4 Rd5 29. Nf3 Rxd1+ 30. Rxd1 Nd7 (
30... Re2 31. Rd2 Rxd2 32. Nxd2 {[%cal Gg1f1,Gf1e2,Ge2d3,Gd3c4] White has good
winning chances in this endgame. The Pf5 seriously cramps black's position.})
31. Nd4 Nc5 32. Kf1 (32. Nb5 $6 Ne4 $13) 32... Ne4 33. Be1 c5 34. Ne6 {[%csl
Ge6] This knight is very annoying.} g6 $6 ({Surprisingly, the exchange
sacrifice was the best decision for black:} 34... Rxe6 $3 35. fxe6+ Kxe6 $14)
35. Ke2 gxf5 (35... Rxe6 $1) 36. gxf5 Be7 (36... Rh8 $4 37. Kf3 {[%csl Rd6,Re4]
and black loses a piece.}) ({The same exchange sacrifice is not so sound now,
due to white's passed "h" pawn.} 36... Rxe6) 37. Rd7 Rh8 38. Nf4 Rd8 39. Rxd8
Bxd8 40. Kd3 Nd6 41. Nd5 $1 $18 {[%csl Ra3,Rb4,Rc5][%cal Ge1f2] Black won't be
able to save all his queenside pawns.} Nxf5 (41... c4+ 42. bxc4 b3 43. axb3 a2
44. Bc3 $18) 42. Kc4 Nd4 43. Bf2 $1 {This is probably the best practical
decision.} (43. Kxc5 Nxb3+ $1 44. Kxb4 Nd4 {and black should hold this one.}) (
43. Bxb4 cxb4 44. Kxd4 f5 {also not so convincing.}) (43. Nxb4 cxb4 44. Kxd4
Be7 45. Kc4 Ke6 46. Bxb4 Bxb4 47. Kxb4 $18) 43... f5 44. Kxc5 Ne6+ 45. Kxb4 Ng5
46. Bh4 Ke6 47. Kc4 Ke5 48. b4 f4 49. b5 Nf7 50. Bxd8 (50. Nxf4 $1 {would have
been more convincing.} Kxf4 (50... Bxh4 51. Ng6+ $18) 51. Bxd8 Nxd8 52. Kb4 Kg3
53. Kxa3 Kxh3 54. Kb4 $18 {[%csl Ga2,Gb5]}) 50... Nxd8 (50... Nd6+ 51. Kd3 Kxd5
52. b6 $18) 51. b6 (51. Nxf4 $1 Kxf4 52. Kb4 $18) 51... f3 52. Ne3 Ke4 (52...
Kf4 53. Kd3 Nb7 54. Nf1 Nc5+ 55. Kd4 Nb7 56. h4 f2 57. h5 Kg5 58. Ke3 Kxh5 59.
Kxf2 Kg5 60. Ke3 Kf5 61. Kd4 Ke6 62. Kc4 Kd6 63. Kb5 $18) 53. Nd1 Nb7 {White's
technique in this endgame is not perfect, but the position remains winning.}
54. Kb4 Nd6 55. h4 Kf4 56. Kc5 Nb7+ 57. Kc6 Na5+ 58. Kc7 Kg4 59. b7 Nxb7 60.
Kxb7 Kxh4 61. Kc6 Kg3 62. Kc5 (62. Kd5 $4 f2 63. Nxf2 Kxf2 64. Kc4 Ke3 65. Kb3
Kd4 $11) 62... Kg2 (62... f2 63. Nxf2 Kxf2 64. Kb4 Ke3 65. Kxa3 Kd4 66. Kb4 $18
) 63. Kb4 Kf1 64. Ne3+ Kf2 65. Nf5 $1 Ke1 66. Kxa3 Kd2 $1 {The only chance.}
67. Kb3 f2 68. Ng3 Ke3 69. a4 Kf4 70. Nf1 Ke5 71. Kb4 Kd6 {Black's king is
making miracles, running all over the board and even stopping the "a" pawn. If
black would have a passed pawn on the "e" or "g" file, then the position would
be drawn, but with the "f" pawn it's lost.} 72. Kb5 Kc7 73. a5 Kb7 74. a6+ Ka7
75. Ka5 Ka8 76. Kb6 Kb8 77. Ne3 Ka8 78. Nd5 $1 {Leads to a forced mate.} (78.
Nd5 f1=Q 79. Nc7+ Kb8 80. a7+ Kc8 81. a8=Q+ Kd7 82. Qe8+ Kd6 83. Qe6#) 1-0

[Event "EU-chT (Men) 15th"]
[Site "Gothenburg"]
[Date "2005.07.31"]
[Round "2.4"]
[White "Mastrovasilis, Dimitrios"]
[Black "Bojkov, Dejan"]
[Result "1-0"]
[WhiteElo "2563"]
[BlackElo "2522"]
[Annotator "Postny,E"]
[PlyCount "69"]
[EventDate "2005.07.30"]
[EventType "team-swiss"]
[EventRounds "9"]
[EventCountry "SWE"]
[SourceTitle "CBM 109"]
[Source "ChessBase"]
[SourceDate "2005.11.14"]
[SourceVersion "1"]
[SourceVersionDate "2005.11.14"]
[SourceQuality "1"]
[WhiteTeam "Greece"]
[BlackTeam "Bulgaria"]
[WhiteTeamCountry "GRE"]
[BlackTeamCountry "BUL"]

1. e4 e5 2. Nf3 Nc6 3. Bb5 a6 4. Bxc6 dxc6 5. Nc3 {This continuation is less
popular than the main line 5.0-0 and usually does not yield white an advantage.
} f6 6. d4 exd4 7. Nxd4 c5 8. Nde2 Qxd1+ 9. Nxd1 {This is the hidden idea
behind 5.Nc3. The knight will be quickly transfered to a better pastures.
However, the whole evaluation of this endgame remains as approximately equal.
White's kingside pawn majority is compensated by Black's pair of bishops.} Be6
({Another way of development is:} 9... Bd7 10. Bf4 O-O-O 11. Ne3 Bc6 12. f3 Ne7
13. Kf2 g5 14. Bg3 Bg7 15. h4 h6 16. Rad1 Rxd1 17. Rxd1 f5 18. exf5 Rf8 19.
hxg5 hxg5 20. Rh1 Nxf5 21. Nxf5 Rxf5 $11 {1/2-1/2 Macieja,B-Naumann,A/
Bundesliga 2004-5 (35)}) 10. Bf4 O-O-O 11. Ne3 Ne7 (11... c4 12. Rd1 Rxd1+ 13.
Nxd1 Ne7 14. Nd4 Bf7 15. Ne3 Ng6 16. Bg3 Bc5 17. Ndf5 Re8 18. f3 Bf8 19. Kf2
Ne5 20. Rd1 g6 21. Nd4 Bc5 22. Bxe5 fxe5 23. Ne2 b5 $11 {1/2-1/2 Yandemirov,
V-Inarkiev,E/Tomsk 2004 (38)}) 12. Rd1 Re8 {A rare move. Probably, Black
should not avoid the exchange of rooks.} (12... Rxd1+ 13. Kxd1 f5 (13... Ng6
14. Bg3 h5 15. h4 Ne5 {- Stripunsky,A-Kaidanov,G/Seattle 2002/CBM 87 [Donev]})
14. exf5 Nxf5 15. Nxf5 Bxf5 16. Re1 Bd6 17. Bxd6 cxd6 18. Ng3 Rf8 19. Re7 Bg6
20. f3 Rf7 $11 {1/2-1/2 Rozentalis,E-Onischuk,A/Groningen 1995 (40)}) 13. O-O
$146 (13. Nc3 f5 14. O-O fxe4 15. Rfe1 Nc6 16. a3 Bf7 17. Ned5 Bxd5 18. Nxd5
Bd6 19. Bxd6 cxd6 20. Nc3 e3 21. Rxe3 Rxe3 22. fxe3 Re8 23. Rxd6 Rxe3 24. Kf2
Re5 {1/2-1/2 Ginsburg,G-Galdunts,S/Griesheim 2002}) (13. Bg3 Nc6 14. f3 Ne5 15.
Nc3 c4 16. O-O b5 17. h3 Bc5 18. Bf2 Bd6 19. a4 b4 20. Ncd5 Kb7 21. f4 Nc6 22.
Rfe1 Na5 23. Nf1 Bf7 24. Ng3 Bg6 $132 {1/2-1/2 Moroz,A-Stern,R/Pardubice 1996 
(57)}) 13... Nc6 ({The immediate} 13... g5 14. Bg3 f5 $5 {does not look bad
for Black as well.}) 14. f3 g5 15. Bg3 f5 {This move is possible, since
White's knights on the e-file are unprotected.} 16. Nd5 (16. exf5 Bxa2 {
[%csl Re2,Re3]} 17. Kf2 Bf7 $13) 16... f4 {Gaining space and getting an
excellent outpost on e5 for the knight.} (16... Bxd5 17. Rxd5 fxe4 18. fxe4
Rxe4 19. Nc3 $14 {[%csl Re4,Rg5]}) 17. Bf2 Ne5 $6 ({It was preferable to cover
f6 square by} 17... Bg7 {The variation:} 18. Bxc5 Bxb2 19. c3 b6 {looks okay
for black.}) 18. Nf6 $1 Rd8 19. Rxd8+ Kxd8 20. Rd1+ Kc8 21. Nc3 {White has
some initiative now thanks to his active pieces.} h6 22. b3 Bg7 23. Ncd5 Bxf6 (
23... b6 24. Nh5 Bf8 25. Be1 $36 {[%cal Ge1c3]}) 24. Nxf6 Rf8 $4 {[%mdl 8192]
A glaring tactical blunder.} ({Possible was} 24... b6 {keeping slightly worse,
but defendable position.}) {[%tqu "En","Should White retreat with the knight?",
"","","f2c5","",5]} 25. Bxc5 $1 $18 Rd8 (25... Rxf6 26. Be7 {[%csl Rc8,Rf6]
[%cal Gd1d8] This is what Black obviously overlooked.} Nd7 27. Rxd7 Kxd7 28.
Bxf6 {[%csl Rf4,Rg5,Rh6][%cal Gf6g7] and the endgame is hopeless for Black.})
26. Rxd8+ Kxd8 27. Bf8 Nf7 28. Kf2 {Black lost only a pawn, but he won't hold
his kingside weaknesses for long...} c6 29. Bg7 b6 30. Ng8 h5 31. Nf6 h4 32. h3
$1 {The last precise move. Black will lose all his remaining kingside pawns
very soon.} Ke7 33. Nh7 Bd7 34. Bf6+ Ke8 (34... Ke6 35. Nf8+ (35. Bxg5 $4 Nxg5
36. Nxg5+ Kf6 37. Nh7+ Kg7 38. Ng5 Kg6 $19 {[%csl Rg5]}) 35... Kxf6 36. Nxd7+
Ke6 37. Nxb6 $18) 35. Nxg5 1-0